Athletic injuries to the head, neck, and face / (Record no. 3770)
[ view plain ]
| 000 -LEADER | |
|---|---|
| fixed length control field | 00823cam a2200277 a 4500 |
| 001 - CONTROL NUMBER | |
| control field | 580092 |
| 005 - DATE AND TIME OF LATEST TRANSACTION | |
| control field | 20250209165412.0 |
| 008 - FIXED-LENGTH DATA ELEMENTS--GENERAL INFORMATION | |
| fixed length control field | 901115s1991 moua b 001 0 eng c |
| 020 ## - INTERNATIONAL STANDARD BOOK NUMBER | |
| International Standard Book Number | 0815188463 |
| 050 00 - LIBRARY OF CONGRESS CALL NUMBER | |
| Classification number | RD521 |
| Item number | .A83 1991 |
| 082 00 - DEWEY DECIMAL CLASSIFICATION NUMBER | |
| Classification number | 617.1/027 |
| Edition information | 20 |
| 245 00 - TITLE STATEMENT | |
| Title | Athletic injuries to the head, neck, and face / |
| Statement of responsibility, etc. | [edited by] Joseph S. Torg. |
| 250 ## - EDITION STATEMENT | |
| Edition statement | 2nd ed. |
| 260 ## - PUBLICATION, DISTRIBUTION, ETC. | |
| Place of publication, distribution, etc. | St. Louis : |
| Name of publisher, distributor, etc. | Mosby Year Book, |
| Date of publication, distribution, etc. | c1991. |
| 300 ## - PHYSICAL DESCRIPTION | |
| Extent | xiii, 694 p. : |
| Other physical details | ill. ; |
| Dimensions | 26 cm. |
| 650 #0 - SUBJECT ADDED ENTRY--TOPICAL TERM | |
| Topical term or geographic name entry element | Head |
| General subdivision | Wounds and injuries. |
| 650 #0 - SUBJECT ADDED ENTRY--TOPICAL TERM | |
| Topical term or geographic name entry element | Neck |
| General subdivision | Wounds and injuries. |
| 650 #0 - SUBJECT ADDED ENTRY--TOPICAL TERM | |
| Topical term or geographic name entry element | Face |
| General subdivision | Wounds and injuries. |
| 650 #0 - SUBJECT ADDED ENTRY--TOPICAL TERM | |
| Topical term or geographic name entry element | Sports injuries. |
| 650 #2 - SUBJECT ADDED ENTRY--TOPICAL TERM | |
| Topical term or geographic name entry element | Athletic Injuries. |
| 650 #2 - SUBJECT ADDED ENTRY--TOPICAL TERM | |
| Topical term or geographic name entry element | Facial Injuries. |
| 650 #2 - SUBJECT ADDED ENTRY--TOPICAL TERM | |
| Topical term or geographic name entry element | Head Injuries. |
| 650 #2 - SUBJECT ADDED ENTRY--TOPICAL TERM | |
| Topical term or geographic name entry element | Neck |
| General subdivision | injuries. |
| 700 1# - ADDED ENTRY--PERSONAL NAME | |
| Personal name | Torg, Joseph S. |
| 942 ## - ADDED ENTRY ELEMENTS (KOHA) | |
| Source of classification or shelving scheme | Library of Congress Classification |
| Koha item type | Books |
| Edition | 2nd ed. |
| Suppress in OPAC | No |
| 999 ## - | |
| -- | 3770 |
| -- | 3770 |
| Withdrawn status | Lost status | Source of classification or shelving scheme | Damaged status | Not for loan | Collection | Home library | Current library | Shelving location | Date acquired | Total checkouts | Full call number | Barcode | Date last seen | Copy number | Price effective from | Koha item type |
|---|---|---|---|---|---|---|---|---|---|---|---|---|---|---|---|---|
| Library of Congress Classification | Non-fiction | Science Library (Miotso) | Science Library (Miotso) | General stacks | 02/09/2025 | RD521 .A83 TOR | SLM00003439 | 02/09/2025 | 1 | 02/09/2025 | Books | |||||
| Library of Congress Classification | Non-fiction | Science Library (Miotso) | Science Library (Miotso) | General stacks | 02/09/2025 | RD521 .A83 TOR | SLM00003440 | 02/09/2025 | 2 | 02/09/2025 | Books | |||||
| Library of Congress Classification | Non-fiction | Science Library (Miotso) | Science Library (Miotso) | General stacks | 02/09/2025 | RD521 .A83 TOR | SLM00003441 | 02/09/2025 | 3 | 02/09/2025 | Books | |||||
| Library of Congress Classification | Non-fiction | Science Library (Miotso) | Science Library (Miotso) | General stacks | 02/09/2025 | RD521 .A83 TOR | SLM00003442 | 02/09/2025 | 4 | 02/09/2025 | Books | |||||
| Library of Congress Classification | Non-fiction | Science Library (Miotso) | Science Library (Miotso) | General stacks | 02/09/2025 | RD521 .A83 TOR | SLM00003443 | 02/09/2025 | 5 | 02/09/2025 | Books | |||||
| Library of Congress Classification | Non-fiction | Science Library (Miotso) | Science Library (Miotso) | General stacks | 02/09/2025 | RD521 .A83 TOR | SLM00003444 | 02/09/2025 | 6 | 02/09/2025 | Books | |||||
| Library of Congress Classification | Non-fiction | Science Library (Miotso) | Science Library (Miotso) | General stacks | 02/09/2025 | RD521 .A83 TOR | SLM00003445 | 02/09/2025 | 7 | 02/09/2025 | Books |